| 000 | 02200cam a22004937i 4500 | ||
|---|---|---|---|
| 001 | data | ||
| 005 | 20260322212122.0 | ||
| 008 | data | ||
| 035 | _a23177513 | ||
| 906 |
_a7 _bcbc _ccopycat _d2 _encip _f20 _gy-gencatlg |
||
| 925 | 0 |
_aacquire _b1 shelf copy _xpolicy default |
|
| 010 | _a 2023289548 | ||
| 015 |
_aGBC240436 _2bnb |
||
| 016 | 7 |
_a020510689 _2Uk |
|
| 020 |
_a9781914239595 _q(hardcover) |
||
| 020 |
_a1914239598 _q(hardcover) |
||
| 020 | _z9781914239861 (ePub ebook) | ||
| 035 | _a(OCoLC)1275356603 | ||
| 040 |
_aYDX _beng _erda _cYDX _dDLC _dUKMGB _dOCLCO _dOCLCF _dSDG _dSFR _dIMD _dNZAUC _dOI6 _dDLC |
||
| 042 | _alccopycat | ||
| 050 | 0 | 0 |
_aSB453 _b.T595 2022 |
| 082 | 0 | 4 |
_a635 _223/eng/20220613 |
| 100 | 1 |
_aTophill, Frances, _eauthor. |
|
| 245 | 1 | 0 |
_aFirst-time gardener : _bhow to plan, plant & enjoy your garden / _cFrances Tophill ; photography by Clare Winfield. |
| 246 | 3 | 0 |
_a1st time gardener : _bhow to plan, plant and enjoy your garden |
| 250 | _a[New edition]. | ||
| 264 | 1 |
_aLondon : _bKyle Books, _c[2022] |
|
| 264 | 4 | _c©2015 | |
| 300 |
_a208 pages : _bchiefly color illustrations ; _c25 cm |
||
| 336 |
_atext _btxt _2rdacontent |
||
| 336 |
_astill image _bsti _2rdacontent |
||
| 337 |
_aunmediated _bn _2rdamedia |
||
| 338 |
_avolume _bnc _2rdacarrier |
||
| 500 | _aIncludes index. | ||
| 505 | 0 | _aYou & your garden -- Designing your garden -- Hard landscaping -- Planning beds & borders -- Choosing plants -- Fruit, vegetables & herbs -- Planting & maintenance. | |
| 520 |
_a"Although excited by the prospect of moving into their own home for the first time, many people are mystified by the prospect of what to do with their outdoor space. Frances Tophill's fuss-free, practical guide shows you how to create a space outside your own back door that's designed by you, built by you and enjoyed by you."-- _cProvided by publisher. |
||
| 650 | 0 | _aGardening. | |
| 650 | 6 | _aJardinage. | |
| 650 | 7 |
_agardening. _2aat |
|
| 650 | 7 |
_aGardening. _2fast _0(OCoLC)fst00937852 |
|
| 700 | 1 |
_aWinfield, Clare, _ephotographer. |
|
| 776 | 0 | 8 |
_iebook version : _z9781914239861 |
| 999 |
_c1864 _d1864 |
||